000 00705nam a2200289Ia 4500
005 20260324112255.0
008 008 260324s9999 xx 000 0 eng d
020 _a9781003000549
037 _aEBOOK
040 _aCRL
040 _beng
040 _cCRL
041 _2eng
041 _aeng
084 _qCRL
100 _aRita Chawla-Duggan
_91142012
245 0 _aUsing Visual Technology in Educational Ethnography
245 0 _bTheory, Method and the Visual
260 _bTaylor and Francis
260 _c2024
365 _a
365 _b83.99
856 _uhttp://www.taylorfrancis.com/books/9781003000549
942 _cEBOOK
999 _c1731160
_d1731160